ბათუმის შოთა რუსთაველის სახელმწიფო უნივერსიტეტის ბიბლიოთეკა

იბერიულ-კავკასიური ენათმეცნიერების წელიწდეული = Ежегодник ибенийско-кавказского языкознания = Anual of ibero-caucasian linguistics : (ბიბ.ჩანაწერი № 51082)

000 -ლიდერი
ფიქსირებული სიგრძის საკონტროლო ველი 01221nam a2200217Ia 4500
001 - საკონტროლო ნომერი
საკონტროლო ველი 18039
003 - საკონტროლო ნომრის იდენტიფიკატორი
საკონტროლო ველი GE_BSU
005 - ბოლო ოპერაციის თარიღი და დრო
საკონტროლო ველი 20241107172949.0
008 - ფიქსირებული სიგრძის მონაცემთა ელემენტები - ზოგადი ინფორმაცია
ფიქსირებული სიგრძის საკონტროლო ველი 181216s1979||||ge |||||||||||||| ||geo||
020 ## - წიგნის საერთაშორისო სტანდარტული ნომერი
International Standard Book Number 0134-9899
040 ## - კატალოგიზაციის წყარო
Transcribing agency GE_BSU
041 ## - ენის კოდი
Language code of text/sound track or separate title geo
080 ## - უნივერსალური ათობითი კლასიფიკაციის ინდექსი
Universal Decimal Classification number 811.353.1(058)+811.131.1 ქ-27
245 ## - ცნობა სათაურის შესახებ
Title იბერიულ-კავკასიური ენათმეცნიერების წელიწდეული = Ежегодник ибенийско-кавказского языкознания = Anual of ibero-caucasian linguistics :
Remainder of title ტ. VI /
Statement of responsibility, etc სარედ. კოლ. ვ. აბაევი., შ. არისთავა., და სხვ. რედ. ა. ჩიქობავა; საქართველოს სსრ მეცნიერებათა აკადემია.
264 ## - წარმოების, გამოცემის, დისტრიბუციის და სხვა ცნობები
გამოცემის, წარმოების, დისტრიბუციის... ადგილი თბილისი :
გამოცემის, წარმოების, დისტრიბუციის... სახელწოდება მეცნიერება,
გამოცემის, წარმოების, დისტრიბუციის... თარიღი 1979.
300 ## - ფიზიკური აღწერა
Extent 193 გვ.;
Other physical details 21 სმ.
653 ## - INDEX TERM--UNCONTROLLED
Uncontrolled term კავკასიური ენები
653 ## - INDEX TERM--UNCONTROLLED
Uncontrolled term წელიწდეულები
710 ## - ADDED ENTRY--CORPORATE NAME
Corporate name or jurisdiction name as entry element საქართველოს სსრ მეცნიერებათა აკადემია.
9 (RLIN) 23645
942 ## - ADDED ENTRY ELEMENTS (KOHA)
Koha item type წიგნი
Source of classification or shelving scheme
ეგზემპლარები
ჩამოწერის სტატუსი დაკარგული ეგზემპლარის სტატუსი კლასიფიკაციის წყარო ან თაროზე გაწყობის სქემა დაზიანების სტატუსი არ გაიცემა მუდმივი მდებარეობა (დაცვის ადგილი) ამჟამინდელი ადგილსამყოფელი თაროზე განთავსების ადგილი შეძენის თარიღი სრული შენახვის შიფრი შტრიხკოდი ბოლო ოპერაციის თარიღი ეგზემპლარის მიმდევრობითი ნომერი (კეტერი?) ფასის ძალაში შესვლის თარიღი ეგზემპლარის სახეობა
          ბათუმის შოთა რუსთაველის სახელმწიფო უნივერსიტეტის მთავარი ბიბლიოთეკა ბათუმის შოთა რუსთაველის სახელმწიფო უნივერსიტეტის მთავარი ბიბლიოთეკა წიგნსაცავი 2018-12-17 811.353.1(058)+811.131.1 ქ-27 45977 2018-12-17 45977 2018-12-17 წიგნი